Songs with Animals in their Title - Statistics

General Stats
  • This quiz has been taken 20 times
  • The average score is 12 of 26
Answer Stats
Musical Act Answer % Correct
Led Zeppelin Black {Dog}
100%
Culture Club Karma {Chameleon}
94%
The Tokens The {Lion} Sleeps Tonight
94%
Prince When {Doves} Cry
94%
Lynyrd Skynyrd Free {Bird}
88%
Black Sabbath War {Pigs}
81%
King Crimson {Cat} Food
75%
The Beatles Rocky {Raccoon}
69%
Katy Perry Dark {Horse}
63%
The B-52's Rock {Lobster}
63%
The Rolling Stones Little Red {Rooster}
50%
The Doors Peace {Frog}
50%
Miles Davies {Bitches} Brew
44%
Tom Lehrer Poisoning {Pigeons} in the Park
44%
Smashing Pumpkins Bullet with {Butterfly} Wings
38%
America {Muskrat} Love
31%
Jethro Tull Steel {Monkey}
31%
Genesis The {Lamb} Lies Down on Broadway
31%
Pink Floyd When the {Tigers} Broke Free
25%
Frank Zappa It Must Be a {Camel}
19%
Pearl Jam {Bee} Girl
13%
Cream Pressed Rat and {Warthog}
13%
King Crimson {Larks}' Tongues in Aspic
6%
Van Der Graaf Generator {Lemmings} (Including Cog)
6%
Tool Ticks & {Leeches}
6%
King Gizzard & The Lizard Wizard {Rattlesnake}
0%
No matching quizzes found
Score Distribution
Percent of People with Each Score
Percentile by Number Answered
Your Score History
You have not taken this quiz